|
|
|
|
| LEADER |
00000nab a2200000 a 4500 |
| 001 |
vtls008998744 |
| 003 |
SK-MaSNL |
| 005 |
20260303065855.0 |
| 008 |
140303c2007 xo wrzp 0 0slo |
| 015 |
|
|
|a SNBRB2007/06
|2 snkbucl
|
| 040 |
|
|
|a SNKBUCL
|b slo
|c SNKBUCL
|e AACR2
|
| 041 |
0 |
|
|a slo
|
| 044 |
|
|
|a xo
|c SK
|
| 080 |
|
|
|a 614.2:725.51
|x (437.6)
|2 1997
|
| 080 |
|
|
|a 615.47:061.22
|x (437.6)
|2 1997
|
| 100 |
1 |
|
|a Žiaková, Magda
|4 aut
|9 839575
|
| 245 |
1 |
0 |
|a Nezabúda sa na dlhy štátnych nemocníc?
|b dodávatelia zatiaľ nesiahajú k exekúciám, očakávajú však garancie úhrady pohľadávok
|c Magda Žiaková
|
| 300 |
|
|
|a Tab.
|
| 610 |
2 |
7 |
|a Slovenská asociácia dodávateľov a výrobcov zdravotníckych pomôcok SK-MED
|2 snkbucl
|9 1056542
|
| 650 |
0 |
7 |
|a zdravotnícke pomôcky
|2 snkbucl
|9 69209
|
| 650 |
0 |
7 |
|a nemocnice štátne
|x dlhy
|2 snkbucl
|9 1066509
|
| 773 |
0 |
|
|t Zdravotnícke noviny
|g Roč. XII, č. 20 (2007), s. 4
|x 1335-4477
|
| 852 |
|
|
|a SNK
|b KIS3GCP
|
| 958 |
|
|
|a MI
|
| 958 |
|
|
|a SK
|
| 999 |
|
|
|c 1753086
|d 1755016
|